Economía y territorio en América Latina y el caribe: desigualdades y políticas
Guardat en:
| Autor corporatiu: | |
|---|---|
| Format: | Llibre |
| Idioma: | espanyol |
| Publicat: |
Santiago
Cepal
2009
|
| Col·lecció: | Libros de la CEPAL, 99
|
| Matèries: | |
| Etiquetes: |
Afegir etiqueta
Sense etiquetes, Sigues el primer a etiquetar aquest registre!
|
MARC
| LEADER | 00000nam a2200000 a 4500 | ||
|---|---|---|---|
| 001 | UCH4780 | ||
| 003 | CL-VaPUC | ||
| 008 | 090903e20090300CL |||||||||||||||||spa|d | ||
| 020 | |a 9789213232149 | ||
| 082 | 0 | 4 | |a 336.2 |b CEP |2 21 |
| 110 | 2 | |a Cepal |e author |9 540719 | |
| 245 | 1 | 0 | |a Economía y territorio en América Latina y el caribe: desigualdades y políticas |
| 300 | |a 206 p | ||
| 942 | |c BK | ||
| 945 | |d 20090903 00:00:00 |a dcastane | ||
| 260 | |a Santiago |b Cepal |c 2009 | ||
| 650 | 0 | |a Hacienda pública |9 258673 | |
| 650 | 0 | |a Gasto público |9 335386 | |
| 650 | 7 | |a DISTRIBUCION DE INGRESOS |2 CL-VaPUC |9 409197 | |
| 650 | 0 | |a Economía |9 255568 | |
| 650 | 0 | |a Desarrollo económico |9 259599 | |
| 583 | |a last modification |c 20090903 00:00:00 |k Rodrigo Vera | ||
| 490 | 0 | |a Libros de la CEPAL, 99 | |
| 999 | |c 336048 |d 336046 | ||
| 952 | |0 0 |1 0 |4 0 |6 336_200000000000000_CEP_2009 |7 0 |8 A |9 426938 |a BIBGIM |b BIBGIM |d 2019-11-22 |i 4597230 |o 336.2 CEP 2009 |p 4597230 |r 2025-01-15 |w 2019-11-22 |y BK |k SSL | ||